• 首页
  • 本馆介绍
  • 公告通知
  • 最新文献
  • 馆藏检索
  • 电子资源
  • 读者荐购
  • 参考咨询
  • CALIS
  • 我的图书馆
  • 登录
  • 详细信息显示
  • 放入我的书架
  • 预约/预借图书
  • 作者相关作品
  • 分类相关作品
  • 丛书相关作品
  • 出版社相关作品

书目信息

  • 表格格式
  • 工作单格式
  • 卡片格式
题名:
红楼游园
    
 
作者: 杨雪 , 张菡子 编著
分册:   一器一物
出版信息: 南京   江苏人民出版社  2025.01
页数: 151页
开本: 23cm
丛书名:
单 册:
中图分类: TU-092.2
科图分类:
主题词: 古建筑--gu jian zhu--建筑装饰--研究--中国
电子资源:
ISBN: 978-7-214-29755-6
 
 
 
 
 
000 01217nam 2200277 450
001 90412
005 20250815182718.44
010    @a978-7-214-29755-6@dCNY79.80
100    @a20250102d2025 em y0chiy50 ea
101 0  @achi
102    @aCN@b320000
105    @aa a 000yy
106    @ar
200 1  @a红楼游园@Ahong lou you yuan@i一器一物@f杨雪, 张菡子编著
210    @a南京@c江苏人民出版社@d2025.01
215    @a151页@c彩图@d23cm
300    @a凤凰传媒
320    @a有书目
330    @a本书提炼了《红楼梦》中的室内外装饰、陈设与种植的部分, 内容以进入室内空间的路线为轴, 由外至内, 由大及小地分为三部分, 即入口处的楹联匾额、空间内部的桌椅几塌以及细节处的装饰与搭配。全书按照装饰元素的分类依次展开描写, 分析古玩珍器在空间中的位置, 并将其中部分装饰元素配以画作进行示意, 将始于书本的描写通过古画的方式引入现实。一方面作为古典文学的衍生读物, 可以为广大读者带来新鲜的解读视角 ; 另一方面可以在弘扬中式美学的基础上给大家带来更多的参考和学习。
517 1  @a一器一物@Ayi qi yi wu
606 0  @a古建筑@Agu jian zhu@x建筑装饰@x研究@y中国
690    @aTU-092.2@v5
701  0 @a杨雪@Ayang xue@4编著
701  0 @a张菡子@Azhang han zi@4编著
801  0 @aCN@c20250909
905    @a河南城建学院图书馆@dTU-092.2@eY301@f1
    
    红楼游园.一器一物/杨雪, 张菡子编著.-南京:江苏人民出版社,2025.01
    151页:彩图;23cm
    凤凰传媒
    
    ISBN 978-7-214-29755-6:CNY79.80
    本书提炼了《红楼梦》中的室内外装饰、陈设与种植的部分, 内容以进入室内空间的路线为轴, 由外至内, 由大及小地分为三部分, 即入口处的楹联匾额、空间内部的桌椅几塌以及细节处的装饰与搭配。全书按照装饰元素的分类依次展开描写, 分析古玩珍器在空间中的位置, 并将其中部分装饰元素配以画作进行示意, 将始于书本的描写通过古画的方式引入现实。一方面作为古典文学的衍生读物, 可以为广大读者带来新鲜的解读视角 ; 另一方面可以在弘扬中式美学的基础上给大家带来更多的参考和学习。
●
相关链接 在E读中查询图书 在当当中查询图书 在豆瓣中查询图书


正题名:红楼游园     索取号:TU-092.2/Y301         预约/预借

序号 登录号 条形码 馆藏地/架位号 状态 备注
1 1624374   216243740   建筑库101/101建筑库 7排2列2层/ [索取号:TU-092.2/Y301] 在馆    
河南城建学院图书馆 欢迎您!
大连网信软件有限公司© 版权所有